000 00454nam a2200169Ia 4500
003 OSt
005 20201204105023.0
008 190216s9999||||xx |||||||||||||| ||und||
040 _coclc
082 _a894.8123
_bKOV/B
100 _aKovilan
_95743
245 0 _aBharathan /
_cKovilan
260 _bPoorna Pubs,
_a Kozhikode:
300 _a98p
650 _aMalayalam Novel
942 _cBK
_2ddc
_h894.8123
_iKOV/B
_k894.8123
_mKOV/B
999 _c27279
_d27279